<?xml version="1.0" encoding="UTF-8"?>
<record
    xmlns:xsi="http://www.w3.org/2001/XMLSchema-instance"
    xsi:schemaLocation="http://www.loc.gov/MARC21/slim http://www.loc.gov/standards/marcxml/schema/MARC21slim.xsd"
    xmlns="http://www.loc.gov/MARC21/slim">

  <leader>01294nam a2200229 a 4500</leader>
  <controlfield tag="001">ASIN8188826324</controlfield>
  <controlfield tag="003">OSt</controlfield>
  <controlfield tag="005">20150408114141.0</controlfield>
  <controlfield tag="008">130927s2012    xxu                 eng d</controlfield>
  <datafield tag="020" ind1=" " ind2=" ">
    <subfield code="a">8188826324 (paperback)</subfield>
  </datafield>
  <datafield tag="020" ind1=" " ind2=" ">
    <subfield code="a">9788188826322 (paperback)</subfield>
  </datafield>
  <datafield tag="040" ind1=" " ind2=" ">
    <subfield code="a">Ma-Un</subfield>
  </datafield>
  <datafield tag="082" ind1=" " ind2=" ">
    <subfield code="2">22</subfield>
    <subfield code="a">664.001579</subfield>
  </datafield>
  <datafield tag="100" ind1="1" ind2=" ">
    <subfield code="a">BOHRA, A..</subfield>
    <subfield code="9">37517</subfield>
  </datafield>
  <datafield tag="245" ind1="1" ind2="0">
    <subfield code="a">Food microbiology /</subfield>
    <subfield code="c">A., PARIHAR, P. BOHRA.</subfield>
  </datafield>
  <datafield tag="260" ind1=" " ind2=" ">
    <subfield code="a">New Delhi :</subfield>
    <subfield code="b">AGROBIOS,</subfield>
    <subfield code="c">2012.</subfield>
  </datafield>
  <datafield tag="300" ind1=" " ind2=" ">
    <subfield code="a">454 P.</subfield>
    <subfield code="c">22 cm</subfield>
  </datafield>
  <datafield tag="520" ind1=" " ind2=" ">
    <subfield code="a">Table of Contents 1. Food Technology and Microbiology, 2. History of Microbiology, 3. Taxonomy of Microorganisms, 4. Microbial Physiology, 5. Food Microbiology and Its Scope, 6. Food Composition and Food Groups, 7. Microorganisms and Food Materials, 8. Factors Affecting the Growth and Survival of Microorganisms in Foods, 9. The Microbiology of Food Preservation, 10. Microbiology of Primary Food Commodities, 11. Food Microbiology and Public Health Hazards, 12. Bacterial Food Borne Illness, 13. Non-Bacterial Agents of Food Borne Illness, 14. Fermented and Microbial Foods, 15. Methods for the Microbiological Examination of Foods, 16. Controlling Microbial Quality of Food and Food Standards.</subfield>
  </datafield>
  <datafield tag="650" ind1=" " ind2=" ">
    <subfield code="a">Food Microbiology</subfield>
  </datafield>
  <datafield tag="700" ind1=" " ind2=" ">
    <subfield code="a">, PARIHAR, P</subfield>
    <subfield code="9">37518</subfield>
  </datafield>
  <datafield tag="942" ind1=" " ind2=" ">
    <subfield code="2">ddc</subfield>
    <subfield code="c">BOOK</subfield>
  </datafield>
  <datafield tag="999" ind1=" " ind2=" ">
    <subfield code="c">31040</subfield>
    <subfield code="d">265540</subfield>
  </datafield>
  <datafield tag="952" ind1=" " ind2=" ">
    <subfield code="1">0</subfield>
    <subfield code="2">2013-10-07</subfield>
    <subfield code="4">0</subfield>
    <subfield code="7">0</subfield>
    <subfield code="a">664.001579 BAF</subfield>
    <subfield code="c">n1</subfield>
    <subfield code="d">2013-10-07</subfield>
    <subfield code="h">CL</subfield>
    <subfield code="i">00451394</subfield>
    <subfield code="m">CL</subfield>
    <subfield code="r">2013-10-07 00:00:00</subfield>
    <subfield code="t">BOOK</subfield>
    <subfield code="w">ddc</subfield>
    <subfield code="y">0</subfield>
  </datafield>
  <datafield tag="952" ind1=" " ind2=" ">
    <subfield code="1">0</subfield>
    <subfield code="2">2013-10-07</subfield>
    <subfield code="4">0</subfield>
    <subfield code="7">0</subfield>
    <subfield code="a">664.001579 BAF</subfield>
    <subfield code="c">n1</subfield>
    <subfield code="d">2013-10-07</subfield>
    <subfield code="h">SZM</subfield>
    <subfield code="i">00451398</subfield>
    <subfield code="m">SZM</subfield>
    <subfield code="r">2013-10-07 00:00:00</subfield>
    <subfield code="t">BOOK</subfield>
    <subfield code="w">ddc</subfield>
    <subfield code="y">0</subfield>
  </datafield>
  <datafield tag="952" ind1=" " ind2=" ">
    <subfield code="1">0</subfield>
    <subfield code="2">2013-10-07</subfield>
    <subfield code="4">0</subfield>
    <subfield code="7">0</subfield>
    <subfield code="a">664.001579 BAF</subfield>
    <subfield code="c">n2</subfield>
    <subfield code="d">2013-10-07</subfield>
    <subfield code="h">CL</subfield>
    <subfield code="i">00451393</subfield>
    <subfield code="m">CL</subfield>
    <subfield code="r">2013-10-07 00:00:00</subfield>
    <subfield code="t">BOOK</subfield>
    <subfield code="w">ddc</subfield>
    <subfield code="y">0</subfield>
  </datafield>
  <datafield tag="952" ind1=" " ind2=" ">
    <subfield code="1">0</subfield>
    <subfield code="2">2013-10-07</subfield>
    <subfield code="4">0</subfield>
    <subfield code="7">0</subfield>
    <subfield code="a">664.001579 BAF</subfield>
    <subfield code="c">n2</subfield>
    <subfield code="d">2013-10-07</subfield>
    <subfield code="h">SZM</subfield>
    <subfield code="i">00451395</subfield>
    <subfield code="m">SZM</subfield>
    <subfield code="r">2013-10-07 00:00:00</subfield>
    <subfield code="t">BOOK</subfield>
    <subfield code="w">ddc</subfield>
    <subfield code="y">0</subfield>
  </datafield>
  <datafield tag="952" ind1=" " ind2=" ">
    <subfield code="1">0</subfield>
    <subfield code="2">2013-10-07</subfield>
    <subfield code="4">0</subfield>
    <subfield code="7">1</subfield>
    <subfield code="a">664.001579 BAF</subfield>
    <subfield code="c">n3</subfield>
    <subfield code="d">2013-10-07</subfield>
    <subfield code="h">CL</subfield>
    <subfield code="i">00451396</subfield>
    <subfield code="m">CL</subfield>
    <subfield code="r">2013-10-07 00:00:00</subfield>
    <subfield code="t">BOOK</subfield>
    <subfield code="w">ddc</subfield>
    <subfield code="y">0</subfield>
  </datafield>
  <datafield tag="952" ind1=" " ind2=" ">
    <subfield code="1">0</subfield>
    <subfield code="2">2013-10-07</subfield>
    <subfield code="4">0</subfield>
    <subfield code="7">1</subfield>
    <subfield code="a">664.001579 BAF</subfield>
    <subfield code="c">n3</subfield>
    <subfield code="d">2013-10-07</subfield>
    <subfield code="h">SZM</subfield>
    <subfield code="i">00451397</subfield>
    <subfield code="m">SZM</subfield>
    <subfield code="r">2013-10-07 00:00:00</subfield>
    <subfield code="t">BOOK</subfield>
    <subfield code="w">ddc</subfield>
    <subfield code="y">0</subfield>
  </datafield>
</record>
